Statistiques concernant Coupe du Monde de Rugby à XIII 2021

Cliquez ici pour prendre le quiz!

Statistiques générales

  • Ce quiz a été pris 76 fois
  • Le résultat moyen est 12 sur 16

Statistiques - réponses

Réponse% Correct
France
100%
Nouvelle-Zélande
98%
Australie
96%
Angleterre
95%
Irlande
91%
Fidji
88%
Pays de Galles
88%
Ecosse
86%
Samoa
86%
Tonga
84%
Italie
82%
Papouasie-Nouvelle-Guinée
48%
Grèce
45%
Liban
43%
Iles Cook
34%
Jamaïque
34%

Distribution des résultats

Percentile par nombre de réponses

% des personnes avec chaque résultat

Votre développement - résultats

Vous n’avez pas pris ce quiz